Economic Growth, Environment and Green Economy

Guardado en:
Detalles Bibliográficos
Autor principal: Vidová, Jarmila, 1967-
Formato: Capítulo de libro
Lenguaje:inglés
Materias:
Etiquetas: Agregar Etiqueta
Sin Etiquetas, Sea el primero en etiquetar este registro!

MARC

LEADER 00000naa a2200000 4500
001 0300099
005 20240506130914.2
041 0 |a eng 
044 |a HR 
245 1 0 |a Economic Growth, Environment and Green Economy  |c Jarmila Vidová 
500 |a Abstrakt 
610 2 0 |a rast hospodársky 
610 2 0 |a transformácia 
610 2 0 |a ekológia 
610 2 0 |a prostredie životné 
610 2 0 |a ekonomika zelená 
100 1 |a Vidová, Jarmila, 1967-